Pasolini e la morte (Record no. 183293)

MARC details
000 -LEADER
campo de control de longitud fija 00663nam a2200205 i 4500
001 - NÚMERO DE CONTROL
campo de control 183293
003 - IDENTIFICADOR DE NÚMERO DE CONTROL
campo de control ES-MaACL
005 - FECHA Y HORA DE LA ÚLTIMA TRANSACCIÓN
campo de control 20250831120445.0
008 - DATOS DE LONGITUD FIJA--INFORMACIÓN GENERAL
campo de control de longitud fija 140206s1987 it |||| | ita d
020 ## - NÚMERO INTERNACIONAL ESTÁNDAR DEL LIBRO
Número Internacional Estándar del Libro 88-317-4975-5
080 ## - NÚMERO DE LA CLASIFICACIÓN DECIMAL UNIVERSAL
Número de la Clasificación Decimal Universal 791.44 Pasolini, Pier Paolo
100 1# - ENTRADA PRINCIPAL--NOMBRE DE PERSONA
Nombre de persona Zigaina, Giuseppe (
Fechas asociadas al nombre 1924-)
9 (RLIN) 154394
245 10 - MENCIÓN DEL TÍTULO
Título Pasolini e la morte
Resto del título : mito alchimia e semantica del "nulla lucente" /
Mención de responsabilidad, etc. Giuseppe Zigaina.
250 ## - MENCION DE EDICION
Mención de edición 1ª ed.
260 ## - PUBLICACIÓN, DISTRIBUCIÓN, ETC.
Lugar de publicación, distribución, etc. Venezia :
Nombre del editor, distribuidor, etc. Marsilio,
Fecha de publicación, distribución, etc. 1987.
300 ## - DESCRIPCIÓN FÍSICA
Extensión 151 p., [16] p. lám. :
Otras características físicas il. ;
Dimensiones 22 cm.
600 14 - PUNTO DE ACCESO ADICIONAL DE MATERIA--NOMBRE DE PERSONA
Nombre de persona Pasolini, Pier Paolo,
Fechas asociadas al nombre 1922-1975
9 (RLIN) 89424
852 ## - LOCALIZACIÓN
Ubicación ES-MaACL
Número de control de estantería L-30058
Holdings
Estatus retirado Estado de pérdida Estado de daño No para préstamo Biblioteca de origen Biblioteca actual Ubicación en estantería Fecha de adquisición Fuente de adquisición Total de préstamos Signatura topográfica completa Código de barras Visto por última vez Precio de reemplazo Tipo de ítem Koha
        Biblioteca del Ateneo de Madrid Biblioteca del Ateneo de Madrid Depósito 2 06/02/2014     L-30058 1192644 23/02/2023 23/02/2023 Libro impreso